Pokémon Gym Leader Levels - Statistics

General Stats
  • This quiz has been taken 18 times
  • The average score is 40 of 56
Answer Stats
Trainer Pokémon Level % Correct
Brock Geodude 12
100%
Onix 14
100%
Misty Staryu 18
100%
Starmie 21
100%
Lt. Surge Voltorb 21
100%
Raichu 24
100%
Pikachu 18
91%
Tangela 24
82%
Erika Victreebel 29
82%
Vileplume 29
82%
Koga Koffing 37
82%
Koffing 37
82%
Mr. Mime 37
82%
Sabrina Kadabra 38
82%
Venomoth 38
82%
Muk 39
82%
Ponyta 40
82%
Blaine Growlithe 42
82%
Rapidash 42
82%
Weezing 43
82%
Alakazam 43
82%
Arcanine 47
82%
Dugtrio 42
73%
Nidoqueen 44
73%
Giovanni Rhyhorn 45
73%
Nidoking 45
73%
Rhydon 50
73%
Cloyster 53
64%
Bruno Onix 53
64%
Lorelei Dewgong 54
64%
Slowbro 54
64%
Hitmonchan 55
64%
Hitmonlee 55
64%
Haunter 55
64%
Jynx 56
64%
Lapras 56
64%
Onix 56
64%
Agatha Gengar 56
64%
Golbat 56
64%
Machamp 58
64%
Arbok 58
64%
Alakazam 59
64%
Blue Pidgeot 61
64%
Rhydon 61
64%
Dragonair 56
55%
Dragonair 56
55%
Lance Gyarados 58
55%
Gengar 60
55%
Aerodactyl 60
55%
Arcanine 61/63
55%
Gyarados 61/63
55%
Exeggutor 61/63
55%
Dragonite 62
55%
Venusaur 65
55%
Blastoise 65
55%
Charizard 65
55%
No matching quizzes found
Score Distribution
Percent of People with Each Score
Percentile by Number Answered
Your Score History
You have not taken this quiz